01446nam a2200373Ia 4500001001200000003000800012006001900020007001500039008004100054010001700095020001500112040002100127035002000148050002600168245013200194260003700326300002500363500005600388500002200444500002600466504005400492533015200546650003500698650004400733655002900777700002000806700001800826700002100844700002600865700002100891710001700912856012600929999001701055ebr10056175CaPaEBRm u cr cn|||||||||040329s2004 caua sb 000 0 eng d z 2004366598 z0833033905 aCaPaEBRcCaPaEBR a(OCoLC)5520407914aLB1623.5b.F63 2004eb00aFocus on the wonder yearsh[electronic resource] :bchallenges facing the American middle school /cJaana Juvonen ... [et al.]. aSanta Monica, CA :bRand,c2004. axxiv, 155 p. :bill. a"Prepared for the Edna McConnell Clark Foundation." a"RAND Education." aErrata slip included. aIncludes bibliographical references (p. 137-155). aElectronic reproduction.bPalo Alto, Calif. :cebrary,d2009.nAvailable via World Wide Web.nAccess may be limited to ebrary affiliated libraries. 0aMiddle schoolszUnited States. 0aMiddle school educationzUnited States. 7aElectronic books.2local1 aJuvonen, Jaana.1 aLe, Vi-Nhuan.1 aKaganoff, Tessa.1 aAugustine, Catherine.1 aConstant, Louay.2 aebrary, Inc.40uhttp://site.ebrary.com/lib/rucke/Doc?id=10056175zAn electronic book accessible through the World Wide Web; click to view c72506d72506